Name Swap Match-Up Quiz Stats

 Plays Quiz Updated Jun 5, 2015

Score 0/25 Timer 05:00
3 Plays Today
% Correct
Willis Tower
90.6%
eBay
88.7%
Ho Chi Minh City
86.9%
Thailand
84.3%
Beijing
84%
Mumbai
82.7%
Subway
79.3%
Nissan
78.7%
Zimbabwe
76.6%
Belize
74.7%
Suriname
71.1%
Sri Lanka
67.2%
Nike
64.6%
% Correct
Chicago
59.1%
Guangzhou
58.6%
Thunder
54.5%
Pelicans
53.9%
JFK
44.5%
Astros
42.5%
Nuggets
41.7%
Navistar
41.2%
Best Buy
37.1%
Dodgers
27.1%
Truth or Consequences
26.7%
Bears
24.6%

You're not logged in!

Compare scores with friends on all Sporcle quizzes.
OR
Log In

Sporcle TV

Today on Sporcle TV


Watch our educational content, quiz creation guides, and fun videos on Sporcle TV.

Show Comments

Extras

Top Quizzes Today


Score Distribution

Your Account Isn't Verified!

In order to create a playlist on Sporcle, you need to verify the email address you used during registration. Go to your Sporcle Settings to finish the process.

Report this User

Report this user for behavior that violates our Community Guidelines.

Details: